[Event "South Island-ch"]
[Site "Dunedin"]
[Date "2012.10.12"]
[Round "6"]
[White "Aimers, Geoffrey"]
[Black "Nicholls, Leighton"]
[Result "1/2-1/2"]
[WhiteElo "1876"]
[BlackElo "1686"]
[PlyCount "38"]
[EventDate "2012.10.14"]
[EventType "swiss"]
[EventRounds "9"]
[EventCountry "NZL"]
[SourceTitle "EXT 2018"]
[Source "ChessBase"]
[SourceDate "2017.10.13"]
[SourceVersion "1"]
[SourceVersionDate "2017.10.13"]
[SourceQuality "1"]

1. d4 d5 2. Nf3 Nf6 3. g3 e6 4. Bg2 c5 5. e3 Be7 6. 0-0 0-0 7. b3 b6 8. Bb2 Nbd7 9. Ne5 Bb7 10. c4 Qc7 11. Nc3 a6 12. cxd5 Nxd5 13. Nxd5 exd5 14. Rc1 Nxe5 15. dxe5 Rfd8 16. Qg4 g6 17. Rfd1 Qd7 18. Qxd7 Rxd7 19. Bh3 Rdd8 1/2-1/2

[Event "South Island-ch"]
[Site "Dunedin"]
[Date "2009.07.14"]
[Round "7"]
[White "Gold, Hamish R"]
[Black "Aimers, Geoffrey"]
[Result "0-1"]
[WhiteElo "1837"]
[BlackElo "1878"]
[PlyCount "60"]
[EventDate "2009.07.11"]
[EventType "swiss"]
[EventRounds "8"]
[EventCountry "NZL"]
[SourceTitle "EXT 2018"]
[Source "ChessBase"]
[SourceDate "2017.10.13"]
[SourceVersion "1"]
[SourceVersionDate "2017.10.13"]
[SourceQuality "1"]

1. d4 Nf6 2. Nf3 g6 3. g3 Bg7 4. Bg2 0-0 5. 0-0 c6 6. c4 d5 7. cxd5 cxd5 8. Nc3 Nc6 9. Bf4 Nh5 10. Bg5 h6 11. Be3 Nf6 12. h3 Bd7 13. Ne5 Qc8 14. Nxd5 Nxd5 15. Bxd5 Nxe5 16. dxe5 Bxh3 17. Bg2 Bxg2 18. Kxg2 Qc6+ 19. f3 Rfd8 20. Qb3 g5 21. Rac1 Qa6 22. e6 f5 23. Bc5 Rd2 24. Rf2 Rxe2 25. Bxe7 Rxf2+ 26. Kxf2 Bd4+ 27. Ke1 Re8 28. Rc7 Qa5+ 29. Bb4 Qxc7 30. e7+ Kg7 0-1

[Event "South Island-ch"]
[Site "Dunedin"]
[Date "2009.07.13"]
[Round "6"]
[White "Aimers, Geoffrey"]
[Black "Siripornpitak, Boyd"]
[Result "1/2-1/2"]
[WhiteElo "1878"]
[BlackElo "1710"]
[PlyCount "86"]
[EventDate "2009.07.11"]
[EventType "swiss"]
[EventRounds "8"]
[EventCountry "NZL"]
[SourceTitle "EXT 2018"]
[Source "ChessBase"]
[SourceDate "2017.10.13"]
[SourceVersion "1"]
[SourceVersionDate "2017.10.13"]
[SourceQuality "1"]

1. e4 c5 2. Nf3 e6 3. d4 cxd4 4. Nxd4 Nc6 5. Nb5 d6 6. c4 Nf6 7. N5c3 Be7 8. Be3 a6 9. Be2 Qc7 10. 0-0 Ne5 11. Nd2 b6 12. Rc1 Bb7 13. Kh1 0-0 14. f4 Ned7 15. f5 Ne5 16. Bf4 Rfd8 17. h3 Bc6 18. fxe6 fxe6 19. Nd5 Qb7 20. Nxf6+ Bxf6 21. Bg4 Re8 22. Bxe5 Bxe5 23. Qf3 d5 24. Bxe6+ Rxe6 25. cxd5 Bxd5 26. exd5 Rg6 27. Qf5 Bxb2 28. Rb1 Ba3 29. Nc4 Bc5 30. Rbd1 Re8 31. Ne5 Rf6 32. Qd7 Rxf1+ 33. Rxf1 Qxd7 34. Nxd7 Bd4 35. Rd1 Rd8 36. Rxd4 Rxd7 37. Kg1 Kf7 38. Kf2 Kf6 39. Ke3 Ke5 40. Rh4 h6 41. Rh5+ Kf6 42. Kd4 Ke7 43. Re5+ Kd8 1/2-1/2

[Event "Dunedin Queen's Birthday op"]
[Site "Dunedin"]
[Date "2008.06.01"]
[Round "4.3"]
[White "Aimers, Geoffrey"]
[Black "Nyberg, Michael"]
[Result "0-1"]
[WhiteElo "1879"]
[BlackElo "1968"]
[PlyCount "52"]
[EventDate "2008.05.31"]
[EventType "swiss"]
[EventRounds "6"]
[EventCountry "NZL"]
[SourceTitle "CBM 124 Extra"]
[Source "ChessBase"]
[SourceDate "2008.07.03"]
[SourceVersion "1"]
[SourceVersionDate "2008.07.03"]
[SourceQuality "1"]

1. e4 e6 2. d4 c5 3. d5 d6 4. c4 e5 5. Nc3 Nf6 6. Bg5 Be7 7. Nf3 Na6 8. Be2 Nc7 9. 0-0 0-0 10. Qd2 a6 11. a4 Rb8 12. Bd3 Bd7 13. Qe2 Bg4 14. Qe3 Bxf3 15. Qxf3 Nfxd5 16. Bxe7 Nxe7 17. Nd5 Ncxd5 18. exd5 f5 19. Bc2 b5 20. axb5 axb5 21. b3 bxc4 22. bxc4 Rb4 23. Bb3 Qb6 24. Rab1 Rb8 25. Bc2 Rxb1 26. Bxb1 Qxb1 0-1

[Event "Otago Queen's Birthday op"]
[Site "Dunedin"]
[Date "2006.06.05"]
[Round "5"]
[White "Aimers, Geoffrey"]
[Black "Gold, Hamish R"]
[Result "1-0"]
[WhiteElo "1830"]
[BlackElo "1867"]
[PlyCount "65"]
[EventDate "2006.06.03"]
[EventType "swiss"]
[EventRounds "6"]
[EventCountry "NZL"]
[SourceTitle "EXT 2018"]
[Source "ChessBase"]
[SourceDate "2017.10.13"]
[SourceVersion "1"]
[SourceVersionDate "2017.10.13"]
[SourceQuality "1"]

1. e4 c5 2. Nf3 Nc6 3. d4 cxd4 4. Nxd4 g6 5. Nc3 Bg7 6. Be3 Nf6 7. Be2 0-0 8. 0-0 d5 9. exd5 Nxd4 10. Bxd4 b6 11. Bf3 Bb7 12. Re1 Qd7 13. Qd3 Rad8 14. Rad1 Rfe8 15. a4 Nh5 16. Bxh5 Bxd4 17. Qxd4 gxh5 18. Re3 e5 19. Rg3+ Kh8 20. Qh4 Qf5 21. Rf3 Qg6 22. Rg3 Qf5 23. Rg5 Qxc2 24. Rxh5 Rd6 25. Qe4 Qxe4 26. Nxe4 Rg6 27. Ng5 Rg7 28. Ne4 Ba6 29. d6 Be2 30. Nf6 Bxd1 31. Nxe8 Rg4 32. Nf6 Kg7 33. Nxg4 1-0

[Event "Otago Queen's Birthday op"]
[Site "Dunedin"]
[Date "2006.06.03"]
[Round "2"]
[White "Jackson, L Ross"]
[Black "Aimers, Geoffrey"]
[Result "0-1"]
[WhiteElo "2019"]
[BlackElo "1830"]
[PlyCount "72"]
[EventDate "2006.06.03"]
[EventType "swiss"]
[EventRounds "6"]
[EventCountry "NZL"]
[SourceTitle "EXT 2018"]
[Source "ChessBase"]
[SourceDate "2017.10.13"]
[SourceVersion "1"]
[SourceVersionDate "2017.10.13"]
[SourceQuality "1"]

1. d4 Nf6 2. c4 c5 3. d5 e6 4. Nc3 exd5 5. cxd5 d6 6. e4 g6 7. Bc4 Bg7 8. Nf3 0-0 9. 0-0 Re8 10. Re1 Nbd7 11. Qc2 Ng4 12. Bg5 Ndf6 13. Rad1 a6 14. a4 Bd7 15. h3 Ne5 16. Nxe5 dxe5 17. Be3 b6 18. Qe2 Nh5 19. Bxa6 Nf4 20. Bxf4 exf4 21. Bb5 f3 22. Qxf3 Bxb5 23. axb5 Qd7 24. Qd3 Bd4 25. Rd2 f5 26. Qc4 Qf7 27. Rxd4 cxd4 28. e5 dxc3 29. bxc3 Rac8 30. Qd4 Rc5 31. e6 Qg7 32. Qxg7+ Kxg7 33. d6 Rd5 34. d7 Re7 35. Re5 Rd1+ 36. Kh2 Kf6 0-1

[Event "South Island-ch"]
[Site "Dunedin"]
[Date "2004.09.27"]
[Round "5"]
[White "Aimers, Geoffrey"]
[Black "Dowden, R Anthony"]
[Result "0-1"]
[WhiteElo "1845"]
[BlackElo "2215"]
[PlyCount "114"]
[EventDate "2004.09.25"]
[EventType "swiss"]
[EventRounds "8"]
[EventCountry "NZL"]
[SourceTitle "EXT 2018"]
[Source "ChessBase"]
[SourceDate "2017.10.13"]
[SourceVersion "1"]
[SourceVersionDate "2017.10.13"]
[SourceQuality "1"]

1. e4 c5 2. Nf3 d6 3. d4 cxd4 4. Nxd4 Nf6 5. Nc3 a6 6. Be2 e5 7. Nb3 Be6 8. Be3 Be7 9. 0-0 0-0 10. Kh1 b5 11. a3 Qc7 12. Bd3 Nbd7 13. Nd5 Bxd5 14. exd5 Nxd5 15. Be4 Nxe3 16. fxe3 Rac8 17. c3 Nf6 18. Bf5 Rcd8 19. Qf3 g6 20. Bc2 d5 21. Rad1 Kg7 22. Qg3 Nh5 23. Qh3 Qd7 24. Qxd7 Rxd7 25. e4 Nf6 26. exd5 Rxd5 27. Rxd5 Nxd5 28. Re1 f6 29. Nd2 Rd8 30. Nf3 Bc5 31. Rd1 Bb6 32. Be4 Ne7 33. Rxd8 Bxd8 34. Bb7 a5 35. Ba6 b4 36. axb4 axb4 37. cxb4 Bb6 38. g3 Nd5 39. b5 Kf7 40. Nd2 Ne3 41. Ne4 Ke7 42. b3 f5 43. Nc3 Bd4 44. Na4 Nd5 45. Bb7 Kd6 46. Bc6 e4 47. Kg2 Ne3+ 48. Kf2 Kc7 49. Ke2 Ng4 50. h3 Ne5 51. Bd5 h6 52. b4 Kd6 53. Ba8 Nc4 54. Bc6 g5 55. Ba8 Nb6 56. Nxb6 Bxb6 57. Bc6 Ke5 0-1